000 00263nam a22001217a 4500
008 170613b xxu||||| |||| 00| 0 eng d
041 _aeng
080 _a32
100 _a19
101 _aSHP
245 _aCONTEMPORARY QUOTATIONS
_cSIMPSON,J,B
942 _2udc
_cBK
999 _c17083
_d17083